000
00240nam a22000977a 4500
999
_c
11464
_d
11464
008
190525b ||||| |||| 00| 0 eng d
020
_a
9780531115114
100
_a
Riley Peter
_9
7180
245
_a
Electricity
260
_a
Newyork
_b
Franklin Watts